| 000 | 00676nam a2200217 u 4500 | ||
|---|---|---|---|
| 005 | 20240228064247.0 | ||
| 008 | 160608s2010 r 000 0 eng d | ||
| 020 | _a9789974684317 | ||
| 035 | _aUPN01000211270 | ||
| 049 | _aI | ||
| 050 | 4 |
_aPZ74.9 _bS9.7 |
|
| 100 | 1 |
_aSuttinon, Wansiri _938989 |
|
| 245 | 1 | 0 |
_aTum y el dragón de fuego / _cWansiri Suttinon ; tr. María Carolina Berduque. |
| 260 |
_aMontevideo : _bLatinbooks International, _c2010. |
||
| 300 |
_a20 p. : : _bil. col. |
||
| 440 | 0 | _aHistoria con 2 finales | |
| 650 | 2 |
_aDragones _vLiteratura infantil _911808 |
|
| 650 | 4 |
_aLibros y lectura para niños _92290 |
|
| 905 | _aInfantil | ||
| 999 |
_c183371 _d183371 |
||